Statistics for All foreign players West Ham United

Click here to take the quiz!

General Stats

  • This quiz has been taken 22 times
  • The average score is 83 of 226

Answer Stats

HintAnswer% Correct
Lucas Paquetá
94%
Konstantinos Mavropanos
88%
Manuel Lanzini
88%
Michail Antonio
88%
Paolo Di Canio
88%
Tomáš Souček
88%
Vladimír Coufal
88%
Angelo Ogbonna
81%
Carlos Tévez
81%
Edson Álvarez
81%
Kurt Zouma
81%
Ricardo Vaz Tê
81%
Winston Reid
81%
Alphonse Aréola
75%
Dimitri Payet
75%
Gianluca Scamacca
75%
Javier Hernández
75%
Łukasz Fabiański
75%
Marko Arnautović
75%
Mohammed Kudus
75%
Nayef Aguerd
75%
Pablo Fornals
75%
Saïd Benrahma
75%
Sébastien Haller
75%
Andrey Yarmolenko
69%
Felipe Anderson
69%
Javier Mascherano
69%
Yossi Benayoun
69%
Alex Song
63%
André Ayew
63%
Arthur Masuaku
63%
Cheikhou Kouyaté
63%
Demba Ba
63%
Emerson
63%
João Mário
63%
Pablo Zabaleta
63%
Rigobert Song
63%
Adrián
56%
Balbuena
56%
Edmilson Fernandes
56%
Enner Valencia
56%
Issa Diop
56%
Maxwell Cornet
56%
Morgan Amalfitano
56%
Papa Bouba Diop
56%
Sofiane Féghouli
56%
Thilo Kehrer
56%
Arbeloa
50%
Diafra Sakho
50%
Frédéric Kanouté
50%
Guy Demel
50%
Jonathan Spector
50%
Luděk Mikloško
50%
Marco Boogers
50%
Mauro Zárate
50%
Tal Ben Haim
50%
Victor Moses
50%
Alessandro Diamanti
44%
Benni McCarthy
44%
Boa Morte
44%
Craig Forrest
44%
Eyal Berkovic
44%
Freddie Ljungberg
44%
Gökhan Töre
44%
José Fonte
44%
Lucas Neill
44%
Momo Diamé
44%
Patrice Evra
44%
Pedro Obiang
44%
Răzvan Raţ
44%
Samir Nasri
44%
Slaven Bilić
44%
Thomas Hitzlsperger
44%
Tomáš Řepka
44%
Valon Behrami
44%
Victor Obinna
44%
Alex Král
38%
Antonio Nocerino
38%
Carlos Sánchez
38%
Édouard Cissé
38%
Emanuel Pogatetz
38%
Frédéric Piquionne
38%
Hérita Ilunga
38%
Jonathan Calleri
38%
Julien Faubert
38%
Jussi Jääskeläinen
38%
Kaba Diawara
38%
Lars Jacobsen
38%
Lionel Scaloni
38%
Luis Jiménez
38%
Manuel Da Costa
38%
Marc Keller
38%
Marco Borriello
38%
Marc-Vivien Foé
38%
Modibo Maïga
38%
Nikica Jelavić
38%
Pablo Armero
38%
Paulo Wanchope
38%
Porfirio
38%
Radoslav Kováč
38%
Samassi Abou
38%
Sebastien Schemmel
38%
Simone Zaza
38%
Stan Lazaridis
38%
Adam Newton
31%
Alou Diarra
31%
Clyde Best
31%
Dani
31%
Diego Tristán
31%
Dylan Tombides
31%
Guillermo Franco
31%
Henri Camara
31%
Igor Štimac
31%
Javier Margas
31%
John Harkes
31%
John Paintsil
31%
Kepa
31%
Marc Rieper
31%
Marek Štěch
31%
Marouane Chamakh
31%
Mido
31%
Nolberto Solano
31%
Pablo Barrera
31%
Richard García
31%
Robbie Slater
31%
Savio Nsereko
31%
Serhiy Rebrov
31%
Shaka Hislop
31%
Titi Camara
31%
Walter López
31%
Abdoulaye Faye
25%
Albian Ajeti
25%
Daniel Sjölund
25%
David Bellion
25%
Davor Šuker
25%
Domingos Quina
25%
Doneil Henry
25%
Emmanuel Emenike
25%
Fabio Daprelà
25%
Florin Răducioiu
25%
Futre
25%
Hannu Tihinen
25%
Håvard Nordtveit
25%
Ilan
25%
Ilie Dumitrescu
25%
Jérémie Aliadiére
25%
Jeroen Boere
25%
John Carew
25%
Laurent Courtois
25%
Lucas Pérez
25%
Luizão
25%
Manuel Almunia
25%
Nenê
25%
Niclas Alexandersson
25%
Paulo Alves
25%
Péter Kurucz
25%
Roberto
25%
Saša Ilić
25%
Svetoslav Todorov
25%
Toni Martínez
25%
Vladimír Labant
25%
Xande Silva
25%
Yaniv Katan
25%
Zavon Hines
25%
Clive Charles
19%
David Terrier
19%
François Van Der Elst
19%
Gonçalo Cardoso
19%
Hayden Foxe
19%
Ian Feuer
19%
Mauricio Taricco
19%
Michael Ferrante
19%
Mladen Petrić
19%
Pavel Srníček
19%
Petr Mikolanda
19%
Ragnvald Soma
19%
Raphael Spiegel
19%
Ravel Morrison
19%
Ruud Boffin
19%
Sead Hakšabanović
19%
Sebastian Lletget
19%
Tyrone Mears
19%
Youssef Sofiane
19%
Abdoul Razak
13%
Ade Coker
13%
Alex Bunbury
13%
Bernard Lama
13%
Bernardo Rosa
13%
Blair Turgott
13%
Brent Rahim
13%
Brian Montenegro
13%
Chris Coyne
13%
Christian Bassila
13%
Christian Montaño
13%
David Di Mechele
13%
Dieter Eckstein
13%
Djair Parfitt-Williams
13%
Dušan Kuciak
13%
Emmanuel Omoyimni
13%
Frederik Alves Ibsen
13%
Gábor Király
13%
Hólmar Eyjólfsson
13%
Izzy Iriekpen
13%
Jamie Coyne
13%
Jan Laštůvka
13%
Jobi McAnuff
13%
Krisztián Hegyi
13%
Manny Onariase
13%
Martin Samuelsen
13%
Mohamed Berthe
13%
Moses Ashikodi
13%
Ömer Riza
13%
Pelly-Ruddock Mpanzu
13%
Pierre Ekwah
13%
Raimond Van Der Gouw
13%
Rami Shaaban
13%
Raymond Atteveld
13%
Sébastien Carole
13%
Sekou Baradji
13%
Sosthene Yao
13%
Steve Laurie
13%
Steve Mautone
13%
Tom Williams
13%
Trent McClenahan
13%
Wellington Paulista
13%
Yilmaz Orhan
13%

Score Distribution

Percentile by Number Answered

Percent of People with Each Score

Your Score History

You have not taken this quiz